000 00706nam a22002770a 4500
001 PT29596
003 AR-LpoUNG
005 20210131233533.0
008 191001s1936||||fr |||||||||||||||||fre d
040 _aAR-LpoUNG
_bspa
_cAR-LpoUNG
_eaacr
041 _afre
044 _afr
082 0 _a485 649tab
100 1 _aHillard, J.
245 1 0 _aTableau des verbes grecs irréguliers
260 _aParís :
_bLibrairie A. Hatier,
_c1936.
300 _a24 p. :
_btbls.
650 4 _aENSEÑANZA DE IDIOMAS
650 4 _aGRAMATICA
650 4 _aLENGUA FRANCESA
650 4 _aLENGUA GRIEGA
651 4 _aDOCUMENTOS TEORICOS O METODOLOGICOS
653 _aVERBOS
905 _a29596
942 _cLIB
999 _c21225
_d21225